Biblioteca da Unidade Pastoral de Sintra

Tempo para amar (Registo nº 2090)

000 -Record Label
fixed length control field 00722cam a2200265 4500
005 - Version Identifier
control field 20171031131101.0
010 ## - International Standard Book Number (ISBN)
Number (ISBN) 9724224651
021 ## - Legal Deposit Number
Country Code PT
Number 161571/01
035 ## - Other System Control Numbers
System Control Number (bn)1066885
100 ## - General Processing Data
General Processing Data 20010917d2001 m y0pory5003 ba
101 1# - Language of the Resource
Language of Original Work eng
105 ## - Coded Data Field: Textual Material, Monographic
Monograph Coded Data y z---000ay
106 ## - Coded Data Field: Textual Material - Physical Attributes
Textual Material Coded Data Physical Medium Designator r
200 1# - Title and Statement of Responsibility
Title Proper Tempo para amar
First Statement of Responsibility Danielle Steel
Subsequent Statement of Responsibility trad. Filipa Aguiar
210 ## - Publication, Distribution, etc.
Place of Publication, Distribution, etc. [Lisboa]
Name of Publisher, Distributor, etc. Círculo de Leitores,
Date of Publication, Distribution, etc. imp. 2001
215 ## - Physical Description
Specific Material Designation and Extent of Item 360, [1] p.
Dimensions 21 cm
304 ## - Notes Pertaining to Title and Statement of Responsibility
Text of Note Tít. orig.: Season of Passion
600 ## - Personal Name Used as Subject
Entry Element Danielle Steel
601 ## - Corporate Body Name Used as Subject
Entry Element Círculo de Leitores,
675 ## - Universal Decimal Classification (UDC)
Number 821.111(73)-31"19/20"
Edition BN
Language of Edition por
700 #1 - Personal Name - Primary Responsibility
Entry Element Steel,
Part of Name Other than Entry Element Danielle,
Dates 1947-
702 #1 - Personal Name - Secondary Responsibility
Entry Element Aguiar,
Part of Name Other than Entry Element Filipa
Relator Code 730
090 ## - System Control Numbers (Koha)
Koha biblioitem number (autogenerated) 2090
942 ## - ADDED ENTRY ELEMENTS (KOHA)
Koha item type Books
Exemplares
Shelving location Origin of item (home branch) (free text) Type of item and material Lost status Lending or holding organisation (holding branch) code Call number (full call number) Withdrawn status Origin of item (home branch (coded) Barcode Coded location qualifier Circulation type (not for loan)
Em ArmazémUPSBooks Biblioteca da Unidade Pastoral de Sintra82-3 STE 1904 Biblioteca da Unidade Pastoral de Sintra19042017-10-31 

Powered by Koha